Swiss National League Hockey - Statistics

General Stats
  • This quiz has been taken 223 times
  • The average score is 12 of 14
Answer Stats
Picture Answer % Correct
Zürich
95%
Davos
94%
Geneve-Servette
94%
Bern
93%
Lugano
92%
Fribourg-Gottéron
91%
Ambrì-Piotta
90%
Zug
90%
Biel-Bienne
89%
Lausanne
89%
Kloten
88%
Langnau
82%
Rapperswil-Jona
82%
Ajoie
78%
No matching quizzes found
Score Distribution
Percent of People with Each Score
Percentile by Number Answered
Your Score History
You have not taken this quiz